| 000 | 00511nam a2200169Ia 4500 | ||
|---|---|---|---|
| 005 | 20250508152525.0 | ||
| 008 | 008 250505s9999 xx 000 0 eng d | ||
| 037 | _aTextual | ||
| 040 |
_aFEDL _beng _cFEDL |
||
| 041 |
_aeng _2eng |
||
| 084 |
_a506, IND _qFEDL |
||
| 245 | 0 | _aProceedings of the forty-sixth session Delhi-1959. Part 1 and 4 | |
| 245 | 0 | _cIndian Science Congress Assocation | |
| 546 | _aRegistered under act 21st of 1800 | ||
| 942 |
_cTEXL _h506, IND |
||
| 999 |
_c1336984 _d1336984 |
||